1886 1414 1565 1997 1143 1790 1725 1602 1888 1265 1520 1514 1341 1478 1854 1950 1737 1929 1986 1913 1449 1410 1635 1421 1381 1140 1823 1505 1441 1064 1715 1034 1377 1752 1887 1490 1366 1508 1914 1524 1617 1196 1318 1603 1685 1053 1681 1850 1049 1420 1266 1271 1812 1634 1710 1019 1822 1766 1919 1899 1036 1002 1039 1776 1455 1025 1106 1354 1076 1644 1146 1113 1880 1108 1247 1402 1958 1002 1256 1086 1975 1432 1409 2000 1776 1272 1307 1891 1264 1986 1004 1796 1791 1960 1577 1759 1158 1633 1979 BCNSPRNW ULIB Ver.6.0+V

เปลี่ยนเป็นภาษาไทย

Change to English
 แสดงรายละเอียดบรรณานุกรม
  กลับหน้าหลัก

Brief Record : Get Marc (ISO 2709) : E-mail record : QR code < ปิดหน้าต่าง
LEADER : 00000nam 2200000uu 4500
001    13399128901
003     ULIB
008    241028s2023||||th 000 0 tha d
020    ^a9781975198954
060 04 ^aWY49^bL742N
100 1  ^aLinda Lee Phelps
245 10 ^aNursing diagnosis reference manual /^cLinda Lee Phelps
250    ^a12th ed.
260    ^aPhiladelphia :^bWolters Kluwer Health/Lippincott Williams& Wilkins,^c2023
300    ^axxxiv, 801 p. ;^c24 cm.
504    ^aIncludes bibliographical references and index
650  0 ^aNursing diagnosis^vHandbooks, manuals, etc
650 12 ^aNursing Diagnosis^vHandbooks
650 22 ^aPatient Care Planning^vHandbooks
945    ^p2856^l0^i011148
999    ^aประนอม เกษจรัล
รายการนี้ยังไม่มีแท็ก
คุณยังไม่ได้ล็อกอิน คุณสามารถมีกิจกรรมร่วมกับเว็บไซต์ได้ แต่ต้องล็อกอินก่อน ::
  ล็อกอิน

รายการสื่อสารสนเทศ

ลำดับที่ ประเภท เลขเรียก/บาร์โค้ด สถานที่ สถานะ
1. Book การพยาบาล
หนังสือสำรอง
สถานะ=หนังสือสำรอง
WY49 L742N ฉ.1 
  Barcode: 011148
ห้องสมุดวิทยาเขตสวรรค์ประชารักษ์
►หนังสือทั่วไป
บนชั้น

รายการใกล้เคียง
    ผู้แต่ง [Linda Lee Phelps]

BibComment


ยังไม่เคยถูกคอมเมนท์

คอมเมนท์ทรัพยากรรายการนี้
  คอมเมนท์: Nursing diagnosi..


 Copyright 2026. Bcnsprnw @Library